Vol. 30, № 2; Nuclear Physics

Dettagli Bibliografici
Parent link:Nuclear Physics: журнал. Vol. 30, № 2.— , 1961-1966.— 0375-9474
Lingua:inglese
Pubblicazione: 1962
Natura: MixedMaterials Libro
KOHA link:https://koha.lib.tpu.ru/cgi-bin/koha/opac-detail.pl?biblionumber=561414

MARC

LEADER 00000nam2a2200000 4500
001 561414
005 20231101123017.0
035 |a (RuTPU)RU\TPU\prd\256650 
035 |a RU\TPU\prd\256635 
090 |a 561414 
100 |a 20160429a19629999k y0engy50 ba 
101 1 |a eng 
102 |a US 
200 0 |a Vol. 30, № 2 
210 |d 1962 
461 1 |0 (RuTPU)RU\TPU\prd\1165  |x 0375-9474  |t Nuclear Physics  |o журнал  |v Vol. 30, № 2  |d 1961-1966 
801 0 |a RU  |b 63413507  |c 20010227  |g PSBO 
801 1 |a RU  |b 63413507  |c 20020228  |g PSBO 
801 2 |a RU  |b 63413507  |c 20160429  |g PSBO 
942 |c BK 
999 |a НТБ_ТПУ  |b НФ  |e -19/20150916  |p П-4531  |u 0,00  |v 1  |x 9181